| Tag |
First Indicator |
Second Indicator |
Subfields |
| LEADER |
00000cam a22000001 4500 |
| 001 |
in00002385621 |
| 005 |
20151109071002.0 |
| 008 |
740502s1966 iluabch d 000 0 eng |
| 010 |
|
|
|a 67001754
|
| 029 |
1 |
|
|a NLGGC
|b 783544537
|
| 029 |
1 |
|
|a AU@
|b 000000664071
|
| 029 |
1 |
|
|a AU@
|b 000026973596
|
| 035 |
|
|
|a (OCoLC)ocm01092953
|
| 035 |
|
|
|a (OCoLC)1092953
|
| 040 |
|
|
|a DLC
|c DLC
|d OCLCQ
|d OCLCG
|d TXA
|d UtOrBLW
|
| 049 |
|
|
|a TXAM
|
| 050 |
0 |
0 |
|a BS440
|b .U5 1966
|
| 082 |
0 |
|
|a 220.3
|
| 100 |
1 |
|
|a Unger, Merrill F.
|q (Merrill Frederick),
|d 1909-1980.
|
| 240 |
1 |
0 |
|a Bible dictionary
|
| 245 |
1 |
0 |
|a Unger's Bible dictionary /
|c by Merrill F. Unger ; drawings by Robert F. Ramey.
|
| 250 |
|
|
|a [3d ed., rev.].
|
| 264 |
|
1 |
|a Chicago :
|b Moody Press,
|c [1966]
|
| 264 |
|
4 |
|c ©1966
|
| 300 |
|
|
|a vii, 1192 pages :
|b illustrations, facsimiles, genealogical tables, maps (part color) portraits ;
|c 25 cm.
|
| 336 |
|
|
|a text
|b txt
|2 rdacontent
|
| 337 |
|
|
|a unmediated
|b n
|2 rdamedia
|
| 338 |
|
|
|a volume
|b nc
|2 rdacarrier
|
| 630 |
0 |
0 |
|a Bible
|v Dictionaries.
|
| 948 |
|
|
|a cataloged
|b h
|c 2008/6/19
|d c
|e ceaton
|f 9:41:48 am
|
| 994 |
|
|
|a C0
|b TXA
|
| 999 |
|
|
|a MARS
|
| 999 |
f |
f |
|s 6e4419c5-2b0d-3ad7-baba-3e6e2c36d5bb
|i dd674f32-cb01-3f98-8f20-84906e823a24
|t 0
|
| 952 |
f |
f |
|p noncirc
|a Texas A&M University
|b College Station
|c Cushing Memorial Library & Archives
|d Cushing: Literature/Mitchell (Does not check out)
|t 0
|e BS440 .U5 1966
|h Library of Congress classification
|i unmediated -- volume
|m A14851962283
|
| 998 |
f |
f |
|a BS440 .U5 1966
|t 0
|l Cushing: Literature/Mitchell (Does not check out)
|